Moods a memories / (Record no. 46442)

MARC details
000 -LEADER
fixed length control field 00868njm a22002657a 4500
005 - DATE AND TIME OF LATEST TRANSACTION
control field 20100914152621.0
007 - PHYSICAL DESCRIPTION FIXED FIELD--GENERAL INFORMATION
fixed length control field sd ammalaaahaa
008 - FIXED-LENGTH DATA ELEMENTS--GENERAL INFORMATION
fixed length control field 100913t xxu||||| |||| 00| 0 hin d
028 ## - PUBLISHER NUMBER
Publisher number ECLP 5727
Source EMI
035 ## - SYSTEM CONTROL NUMBER
System control number GR-03246
040 ## - CATALOGING SOURCE
Original cataloging agency SED/VEN
100 ## - MAIN ENTRY--PERSONAL NAME
Personal name Mukesh
9 (RLIN) 1184
245 ## - TITLE STATEMENT
Title Moods a memories /
Statement of responsibility, etc by Mukesh
Medium [sound recording] :
246 ## - VARYING FORM OF TITLE
Title proper/short title मूड्स अ मेमोरिएस / मुकेश
260 ## - PUBLICATION, DISTRIBUTION, ETC. (IMPRINT)
Place of publication, distribution, etc Dum Dum India
Name of publisher, distributor, etc EMI
Date of publication, distribution, etc 1981
300 ## - PHYSICAL DESCRIPTION
Extent 1 sound disc [Gramophone record] :
Other physical details analog, 33 1/3 rpm
Dimensions 12.5 in. (LP)
Type of unit Gramophone Record
500 ## - GENERAL NOTE
General note Brief Record
500 ## - GENERAL NOTE
General note Record label :EMI, Red
505 ## - FORMATTED CONTENTS NOTE
Formatted contents note Side 1 Too kahe agar andaz Side 2 Haan diwana hoon main
600 ## - SUBJECT ADDED ENTRY--PERSONAL NAME
Personal name Mukesh
9 (RLIN) 19992
650 ## - SUBJECT ADDED ENTRY--TOPICAL TERM
Topical term or geographic name as entry element Hindi film song
General subdivision Excerpts
Geographic subdivision India
9 (RLIN) 19603
700 ## - ADDED ENTRY--PERSONAL NAME
9 (RLIN) 19604
700 ## - ADDED ENTRY--PERSONAL NAME
9 (RLIN) 19605
942 ## - ADDED ENTRY ELEMENTS (KOHA)
Source of classification or shelving scheme Dewey Decimal Classification
Item type Gramaphone Records

No items available.


© Delhi Public Library
Hit Counter
free hit counter